| 000 | 01502nam a2200337Ia 4500 | ||
|---|---|---|---|
| 001 | ebr10194027 | ||
| 003 | CaPaEBR | ||
| 006 | m u | ||
| 007 | cr cn||||||||| | ||
| 008 | 060127s2007 enk sb 001 0 eng d | ||
| 020 | _z184511308X (hbk.) | ||
| 020 | _z9781845113087 (hbk.) | ||
| 040 |
_aCaPaEBR _cCaPaEBR |
||
| 035 | _a(OCoLC)174134760 | ||
| 050 | 1 | 4 |
_aDR978.4 _b.B64 2007eb |
| 100 | 1 | _aBogdani, Mirela. | |
| 245 | 1 | 0 |
_aAlbania and the European Union _h[electronic resource] : _bthe tumultuous journey towards integration and accession / _cMirela Bogdani and John Loughlin. |
| 260 |
_aLondon ; _aNew York : _bI.B. Tauris ; _aNew York : _bDistributed in the USA by Palgrave Macmillan, _c2007. |
||
| 300 | _axiii, 272 p. | ||
| 490 | 1 |
_aLibrary of European studies ; _v4 |
|
| 504 | _aIncludes bibliographical references (p. [249]-268) and index. | ||
| 533 |
_aElectronic reproduction. _bPalo Alto, Calif. : _cebrary, _d2009. _nAvailable via World Wide Web. _nAccess may be limited to ebrary affiliated libraries. |
||
| 650 | 0 | _aInternational relations. | |
| 651 | 0 |
_aAlbania _xForeign relations _zEuropean Union countries. |
|
| 651 | 0 |
_aEuropean Union countries _xForeign relations _zAlbania. |
|
| 655 | 7 |
_aElectronic books. _2local |
|
| 700 | 1 |
_aLoughlin, John, _d1948- |
|
| 710 | 2 | _aebrary, Inc. | |
| 830 | 0 |
_aLibrary of European studies ; _v4. |
|
| 856 | 4 | 0 |
_uhttp://site.ebrary.com/lib/rucke/Doc?id=10194027 _zAn electronic book accessible through the World Wide Web; click to view |
| 999 |
_c221208 _d221208 |
||